| 000 | 009750000a22002050004500 | ||
|---|---|---|---|
| 020 | _a978-968-16-5021-6 | ||
| 082 | 0 | 4 | _aG 306.6 B3261m |
| 100 | 1 | _aBastian, Jean-Pierre | |
| 245 | 1 | 0 | _aLa mutación religiosa de América Latina : Para una sociología del cambio social en la modernidad periférica / Jean-Pierre Bastian |
| 260 | _aMéxico : Fondo de Cultura Económica | ||
| 300 | _a230 páginas | ||
| 440 | 0 | _aColección Popular ; número 529 | |
| 501 | _arústico | ||
| 505 | 0 | 0 | _aLa cuestión religiosa en la modernidad latinoamericana -- Las cifras y la geografía del cambio ideológico -- Las causas de la mutación -- La transformación religiosa en el campo -- Los nuevos movimientos religiosos urbanos -- Los efectos de la mutación religiosa -- El sentido de la mutación: religión, desarrollo, catolicismo |
| 001 | 19806 | ||
| 942 | _cBK | ||
| 999 |
_c46167 _d46167 |
||
| 336 |
_atexto _btxt _2rdacontent |
||
| 337 |
_2rdamedia _asin mediación _bn |
||
| 338 |
_2rdacarrier _avolumen _bnc |
||